000
00327pab a2200157 454500
008
180718b2013 xxu||||| |||| 00| 0 eng d
100
_a
Collaco, Alan
245
_a
In advertising
260
_c
2013
300
_a
p.66-68.
362
_a
Jul
650
_a
Consumers
773
_a
Seminar
908
_a
N
909
_a
101111
999
_c
101110
_d
101110